|
|
|
|
| LEADER |
00000nam0a2200000 4500 |
| 001 |
103384 |
| 005 |
20231101214500.0 |
| 010 |
|
|
|a 354009380X
|
| 010 |
|
|
|a 0-387-09380-X
|
| 035 |
|
|
|a (RuTPU)RU\TPU\book\111458
|
| 090 |
|
|
|a 103384
|
| 100 |
|
|
|a 20061016d1979 k y0rusy50 ba
|
| 101 |
0 |
|
|a eng
|
| 102 |
|
|
|a DE
|
| 105 |
|
|
|a a z 101zy
|
| 200 |
1 |
|
|a Magnetic resonance and related phenomena
|e proceedings of the XXth Congress AMPERE, Tallinn, August 21-26, 1978
|f edited by E. Kundla ; E. Lippmaa ; T. Saluvere
|
| 210 |
|
|
|a Berlin
|a Heidelberg
|a New York
|c Springer-Verlag
|d 1979
|
| 215 |
|
|
|a 606 p.
|c il.
|
| 320 |
|
|
|9 572
|a Author Index: p. 589-606
|
| 606 |
1 |
|
|a Магнитный резонанс
|x (физика твердого тела)
|2 stltpush
|3 (RuTPU)RU\TPU\subj\40855
|9 60685
|
| 610 |
1 |
|
|a физика
|
| 610 |
1 |
|
|a ядерный магнитный резонанс
|
| 610 |
1 |
|
|a электромагнитная энергия
|
| 610 |
1 |
|
|a электромагнитные поля
|
| 610 |
1 |
|
|a электромагнитные волны
|
| 610 |
1 |
|
|a поглощение
|
| 610 |
1 |
|
|a излучение
|
| 610 |
1 |
|
|a твердые тела
|
| 610 |
1 |
|
|a жидкие кристаллы
|
| 610 |
1 |
|
|a магнетизм
|
| 610 |
1 |
|
|a спиновые эффекты
|
| 610 |
1 |
|
|a свободные радикалы
|
| 610 |
1 |
|
|a радикальные реакции
|
| 610 |
1 |
|
|a полупроводники
|
| 610 |
1 |
|
|a поляризация
|
| 610 |
1 |
|
|a ЯМР-спектры
|
| 610 |
1 |
|
|a спектроскопия
|
| 610 |
1 |
|
|a ядерный квадрупольный резонанс
|
| 610 |
1 |
|
|a спиновые системы
|
| 610 |
1 |
|
|a двойной резонанс
|
| 610 |
1 |
|
|a фазовые переходы
|
| 610 |
1 |
|
|a металлы
|
| 610 |
1 |
|
|a магнитное экранирование
|
| 610 |
1 |
|
|a английский язык
|
| 675 |
|
|
|a 539.2:537
|v 3
|
| 702 |
|
1 |
|a Kundla
|b E.
|4 340
|
| 702 |
|
1 |
|a Lippmaa
|b E.
|4 340
|
| 702 |
|
1 |
|a Saluvere
|b T.
|4 340
|
| 712 |
1 |
2 |
|a AMPERE
|c congress
|d 20
|e Tallinn
|f 1978
|4 570
|
| 801 |
|
1 |
|a RU
|b 63413507
|c 20061016
|g PSBO
|
| 801 |
|
2 |
|a RU
|b 63413507
|c 20221213
|g PSBO
|
| 942 |
|
|
|c BK
|